|
|
|
|
| LEADER |
00907cam a2200265 a 4500 |
| 001 |
c000267584 |
| 003 |
CARM |
| 005 |
20070817142308.0 |
| 008 |
840509s1984 enk 000 1 eng d |
| 015 |
|
|
|a b8430108
|
| 019 |
1 |
|
|a 3294584
|5 LACONCORD2021
|
| 020 |
|
|
|a 0263745899 (pbk)
|
| 035 |
|
|
|a (OCoLC)59777596
|5 LACONCORD2021
|
| 040 |
|
|
|a BNB
|b eng
|c BNB
|d BNB
|d VCAV
|
| 082 |
0 |
4 |
|a 823.914
|2 22
|
| 082 |
0 |
4 |
|a 823/.914
|2 19
|
| 100 |
1 |
|
|a Thorpe, Kay.
|
| 245 |
1 |
4 |
|a The inheritance /
|c by Kay Thorpe.
|
| 260 |
|
|
|a London :
|b Mills & Boon,
|c 1984.
|
| 300 |
|
|
|a 188 p. ;
|c 17 cm.
|
| 440 |
|
0 |
|a Doctor nurse romance
|
| 500 |
|
|
|a Fiction in English,. 1945- - Texts (BNB/PRECIS)
|
| 852 |
8 |
|
|b CARM
|h A1:AM01A0
|i A04647
|p 0379245
|f BK
|
| 999 |
f |
f |
|i b85e27da-de48-5495-8d2f-59827822ef11
|s c460d614-f7f3-5651-a985-4c24ae25321a
|
| 952 |
f |
f |
|p Can circulate
|a CAVAL
|b CAVAL
|c CAVAL
|d CARM 1 Store
|e A04647
|f A1:AM01A0
|h Other scheme
|i book
|m 0379245
|